| 000 | 01089nam a22001817a 4500 | ||
|---|---|---|---|
| 008 | 120713t xxu||||| |||| 00| 0 eng d | ||
| 020 | _a0619215291 | ||
| 050 | _aQA76.9.D3 P88 | ||
| 100 | _aPratt, Philip J. | ||
| 245 |
_aConcepts of database management. / _cPhilip J. Pratt |
||
| 250 | _a5th ed. | ||
| 260 |
_aAustralia: _bThomson Course Technology, _c2005. |
||
| 300 |
_axv, 423 p.: _bill.; _c25cm. |
||
| 500 | _aIncludes index. | ||
| 505 | _aContents: Introduction to database management -- The Relational model 1: Introduction, OBE, and relational algebra -- The Relational model 2: SQL -- The Relational model 3: Advanced topics -- Database design 1: Normalization -- Database design 2: design methodology -- DBMS functions -- Database administration -- Database management approaches -- Appendix A: Comprehensive design example: Marvel college -- Appendix B: Additional case problem: Alexamara marina group -- Appendix C: SQL references -- Appendix D: How do i reference -- Appendix E: Answers to odd-numbered review questions. | ||
| 700 | _aAdamski, Joseph J. | ||
| 942 |
_2lcc _cBK |
||
| 999 |
_c1685 _d9185 |
||